[Event "ICS rated blitz match"]
[Site "204.178.125.65"]
[Date "2000.11.09"]
[Round "?"]
[White "Hossa"]
[Black "AvernoX"]
[Result "1-0"]
[WhiteElo "2536"]
[BlackElo "2302"]
[PlyCount "171"]
[EventDate "2000.??.??"]

1. e4 e6 2. d4 Be7 3. Nf3 d5 4. exd5 exd5 5. Bd3 Nf6 6. O-O O-O 7. Re1 Nc6 8.
c3 Bg4 9. h3 Bh5 10. Bf4 Bg6 11. Bxg6 fxg6 12. Ng5 Qd7 13. Ne6 Rfc8 14. Nd2 Kh8
15. Qe2 a5 16. Qb5 b6 17. Re3 a4 18. Rae1 Ra5 19. Qe2 Ra7 20. a3 Rb7 21. Qd1 b5
22. Bg5 Rb6 23. Qe2 Re8 24. Bf4 Bd6 25. Bxd6 Qxd6 26. Nf3 Re7 27. Nc5 Rxe3 28.
Qxe3 Rb8 29. Ng5 Qf8 30. Qf4 Rc8 31. Na6 h6 32. Ne6 Qe7 33. Naxc7 Nd8 34. Qg3
h5 35. Re3 Kg8 36. Qxg6 Nxe6 37. Nxe6 Qf7 38. Qxf7+ Kxf7 39. Re5 h4 40. Ng5+
Kg6 41. Nf3 Rh8 42. Re7 Rh7 43. Ne5+ Kf5 44. Nd3 Kg5 45. Nb4 Kg6 46. Rb7 Rh8
47. Rxb5 Re8 48. Nxd5 Re1+ 49. Kh2 Nxd5 50. Rxd5 Re2 51. Rb5 Rxf2 52. c4 Rf4
53. Rb4 Rxd4 54. Rxa4 Kf5 55. b3 Ke6 56. Ra6+ Ke5 57. Ra5+ Kd6 58. a4 Ke6 59.
Rg5 Rd7 60. Rb5 Kd6 61. Rd5+ Ke7 62. Rxd7+ Kxd7 63. b4 Kd6 64. c5+ Kc6 65. g3
g5 66. gxh4 gxh4 67. b5+ Kxc5 68. b6 Kxb6 69. Kg2 Ka5 70. Kf3 Kxa4 71. Kg4 Kb5
72. Kxh4 Kc4 73. Kg5 Kc5 74. h4 Kd6 75. Kf6 Kc6 76. h5 Kc5 77. h6 Kc6 78. h7
Kd5 79. h8=Q Ke4 80. Qd8 Ke3 81. Ke5 Kf3 82. Qd2 Kg3 83. Qe2 Kh4 84. Qg2 Kh5
85. Kf5 Kh6 86. Qg6# {AvernoX checkmated} 1-0

[Event "ICS rated blitz match"]
[Site "204.178.125.65"]
[Date "2000.11.09"]
[Round "?"]
[White "PowerChess"]
[Black "Hossa"]
[Result "0-1"]
[WhiteElo "2891"]
[BlackElo "2543"]
[PlyCount "144"]
[EventDate "2000.??.??"]

1. Nf3 Nf6 2. d4 e6 3. c4 d5 4. Nc3 Be7 5. Bg5 h6 6. Bh4 dxc4 7. e3 g5 8. Bg3
Nh5 9. Bxc4 Nxg3 10. hxg3 Nc6 11. Nd2 Na5 12. Bd3 c5 13. Nde4 cxd4 14. exd4 a6
15. Qh5 Nc6 16. Rd1 Nxd4 17. f4 gxf4 18. Bb1 f3 19. Qe5 f6 20. Qh5+ Kf8 21.
gxf3 Qb6 22. a4 f5 23. a5 Qb4 24. Nd2 Qxb2 25. Ne2 Bb4 26. Nxd4 Qxd4 27. Qh4
Qxh4 28. Rxh4 Bxa5 29. Kf2 b5 30. Nb3 Bb6+ 31. Kg2 Kf7 32. Rhh1 a5 33. Rd6 Rb8
34. Rc1 a4 35. Rcc6 Be3 36. Nd4 Bxd4 37. Rxd4 Kf6 38. Rb4 Rd8 39. Kf2 Bd7 40.
Rc1 Be8 41. Ke2 e5 42. Rh1 h5 43. Rc1 Rbc8 44. Rxc8 Rxc8 45. Kd2 Bc6 46. Ke3
Rg8 47. Kf2 e4 48. f4 Rg4 49. Rd4 Ke7 50. Rb4 h4 51. gxh4 Rxf4+ 52. Ke3 Rxh4
53. Rb2 Rh3+ 54. Kd4 Kd6 55. Rg2 Bd7 56. Rd2 Be6 57. Bxe4 fxe4 58. Kxe4+ Ke7
59. Rb2 a3 60. Rxb5 a2 61. Ra5 Rh1 62. Kd4 a1=Q+ 63. Rxa1 Rxa1 64. Ke5 Ra3 65.
Kd4 Kd6 66. Ke4 Kc5 67. Ke5 Re3+ 68. Kf6 Kd5 69. Kg7 Ke5 70. Kf8 Kf6 71. Ke8
Rd3 72. Kf8 Rd8# {PowerChess checkmated} 0-1

[Event "ICS rated blitz match"]
[Site "204.178.125.65"]
[Date "2000.11.09"]
[Round "?"]
[White "Hossa"]
[Black "PowerChess"]
[Result "0-1"]
[WhiteElo "2571"]
[BlackElo "2863"]
[PlyCount "96"]
[EventDate "2000.??.??"]

1. e4 d6 2. d4 Nf6 3. Nc3 g6 4. Be2 Bg7 5. h4 c5 6. dxc5 Qa5 7. Qd3 Qxc5 8. Be3
Qa5 9. Qb5+ Qxb5 10. Nxb5 Na6 11. Bd4 O-O 12. Nxa7 Nb4 13. Bd3 Be6 14. b3 Nxe4
15. Bxg7 Nxd3+ 16. cxd3 Kxg7 17. dxe4 Rxa7 18. Ne2 Bxb3 19. Nc1 Be6 20. h5 Ra4
21. h6+ Kf6 22. Rh4 b5 23. f3 Rc8 24. Kd1 Rd4+ 25. Ke1 Rc2 26. g3 g5 27. Rh1 g4
28. Rf1 gxf3 29. Rxf3+ Kg5 30. Re3 Rh2 31. e5 Rh1+ 32. Kf2 Rdd1 33. Rc3 b4 34.
Rc6 Rde1 35. Ne2 Rxa1 36. exd6 exd6 37. Ke3 Rxa2 38. Rxd6 Re1 39. Rd2 b3 40.
Kd3 Rxd2+ 41. Kxd2 Rxe2+ 42. Kxe2 b2 43. Ke3 b1=Q 44. Ke2 Bc4+ 45. Kd2 Qb2+ 46.
Ke3 f6 47. g4 Kxg4 48. Ke4 Qe5# {Hossa checkmated} 0-1

[Event "ICS rated standard match"]
[Site "204.178.125.65"]
[Date "2000.11.09"]
[Round "?"]
[White "DiepBlue"]
[Black "Hossa"]
[Result "1-0"]
[WhiteElo "2519"]
[BlackElo "2361"]
[PlyCount "77"]
[EventDate "2000.??.??"]

1. d4 Nf6 2. c4 e6 3. Nc3 Bb4 4. Qc2 O-O 5. a3 Bxc3+ 6. Qxc3 d6 7. Bg5 Nbd7 8.
e3 b6 9. Bd3 Bb7 10. f3 h6 11. Bh4 g5 12. Bg3 g4 13. O-O-O a6 14. e4 b5 15.
cxb5 axb5 16. Bf4 Kg7 17. Bxb5 Rh8 18. Ne2 Rc8 19. Kb1 Nb6 20. h3 gxf3 21. gxf3
Nxe4 22. Rhg1+ Kf8 23. fxe4 Bxe4+ 24. Ka1 c6 25. Ba6 Ra8 26. d5 e5 27. Bxe5
dxe5 28. Qxe5 f6 29. Qxe4 cxd5 30. Qe6 Rxa6 31. Nf4 Ra7 32. Ng6+ Kg7 33. Rde1
Kh7 34. Qf5 Rg8 35. Ne7+ Kh8 36. Qxf6+ Kh7 37. Qf7+ Kh8 38. Rxg8+ Qxg8 39.
Qxg8# {Hossa checkmated} 1-0

[Event "ICS rated standard match"]
[Site "204.178.125.65"]
[Date "2000.11.09"]
[Round "?"]
[White "Hossa"]
[Black "Amateur"]
[Result "1-0"]
[WhiteElo "2352"]
[BlackElo "2362"]
[PlyCount "107"]
[EventDate "2000.??.??"]

1. d4 d5 2. c4 e6 3. g3 dxc4 4. Nf3 Bd7 5. Bg2 Bc6 6. Qc2 Bd5 7. e4 Bc6 8. Be3
Nf6 9. Ne5 Bd6 10. Nxc6 Nxc6 11. O-O Ng4 12. e5 Nxe3 13. fxe3 Be7 14. Bxc6+
bxc6 15. Qxc4 Qd5 16. Qe2 O-O 17. Nc3 Qa5 18. Ne4 Rad8 19. Rfc1 Qb6 20. Rc2 Rb8
21. Qc4 Bd8 22. b3 Qa5 23. Rf1 Rb6 24. Nc5 Rb4 25. Qe2 Bg5 26. Qf2 Rbb8 27. Nd7
Qb5 28. Nxb8 Qxb8 29. Rxc6 Qb7 30. Rc3 Qb6 31. Qf3 Qa5 32. Rc2 Bh6 33. h4 g6
34. Qf2 Qb6 35. g4 Qb7 36. Qf3 Qxf3 37. Rxf3 Rc8 38. Rcf2 Rf8 39. g5 Bg7 40.
Rc2 Rc8 41. Rf1 h6 42. Rfc1 Bf8 43. Rxc7 Rxc7 44. Rxc7 hxg5 45. hxg5 a5 46. e4
Bb4 47. d5 Kf8 48. Rc8+ Kg7 49. d6 Bd2 50. d7 Bxg5 51. d8=Q Bxd8 52. Rxd8 f5
53. exf6+ Kxf6 54. Ra8 {Amateur resigns} 1-0

[Event "ICS rated standard match"]
[Site "204.178.125.65"]
[Date "2000.11.09"]
[Round "?"]
[White "Yace"]
[Black "Hossa"]
[Result "1-0"]
[WhiteElo "2559"]
[BlackElo "2368"]
[PlyCount "54"]
[EventDate "2000.??.??"]

1. e4 e5 2. Nf3 Nc6 3. Bb5 a6 4. Ba4 Nf6 5. O-O b5 6. Bb3 Nxe4 7. d4 exd4 8.
Re1 d5 9. Nc3 dxc3 10. Bxd5 Bb7 11. Bxe4 Be7 12. Qe2 cxb2 13. Bxb2 Kf8 14. Ne5
Nxe5 15. Bxb7 Ng6 16. Bxa8 Qxa8 17. a4 Qb7 18. axb5 Kg8 19. bxa6 Qa8 20. a7 h6
21. Qf3 Qxf3 22. gxf3 Kh7 23. a8=Q Rxa8 24. Rxa8 Bd6 25. Re4 f5 26. Ree8 Nf4
27. Rad8 Kg6 {Hossa resigns} 1-0

[Event "ICS rated blitz match"]
[Site "204.178.125.65"]
[Date "2000.11.09"]
[Round "?"]
[White "Amateur"]
[Black "Hossa"]
[Result "1-0"]
[WhiteElo "2457"]
[BlackElo "2566"]
[PlyCount "133"]
[EventDate "2000.??.??"]

1. e4 e5 2. Nf3 Nc6 3. Bc4 Nf6 4. d3 Bc5 5. c3 d6 6. O-O O-O 7. Bg5 Be6 8. Bxe6
fxe6 9. b4 Bb6 10. Nbd2 a5 11. b5 Nb8 12. Nc4 Nbd7 13. Qd2 Qe7 14. Nxb6 Nxb6
15. Qe3 Qf7 16. Rae1 a4 17. d4 exd4 18. cxd4 Nc4 19. Qd3 d5 20. exd5 exd5 21.
Ne5 Nxe5 22. dxe5 Ne4 23. Be3 b6 24. Rc1 Rae8 25. Qd4 Re7 26. Rc6 Nc5 27. f3 a3
28. Bc1 Ra8 29. Rd1 Rd7 30. Bd2 Qf5 31. Bc3 Ra4 32. Bb4 Ne6 33. Qc3 Nf4 34. Qd2
d4 35. Re1 Ne6 36. Bc3 Kh8 37. Re4 Nd8 38. e6 Re7 39. Rxc7 Rxc7 40. e7 Rxe7 41.
Rxe7 Kg8 42. Bxd4 Qb1+ 43. Kf2 Rxd4 44. Qxd4 Qb2+ 45. Qxb2 axb2 46. Re1 Ne6 47.
Ke3 Nc7 48. a4 Ne6 49. Rb1 Nc5 50. a5 bxa5 51. b6 Nb7 52. Rxb2 h5 53. Rd2 h4
54. Rd7 Nc5 55. Rc7 Na6 56. b7 Kh7 57. Rc8 h3 58. gxh3 a4 59. Ra8 Nb4 60. b8=Q
Nd5+ 61. Ke4 Ne7 62. Qh8+ Kg6 63. Qe8+ Kh6 64. Ra6+ Kh7 65. Qh5+ Kg8 66. Ra8+
Nc8 67. Rxc8# {Hossa checkmated} 1-0

[Event "ICS rated blitz match"]
[Site "204.178.125.65"]
[Date "2000.11.09"]
[Round "?"]
[White "Hossa"]
[Black "Amateur"]
[Result "1-0"]
[WhiteElo "2545"]
[BlackElo "2478"]
[PlyCount "193"]
[EventDate "2000.??.??"]

1. d4 Nf6 2. Nf3 e6 3. g3 b6 4. Bg2 Bb7 5. O-O Nc6 6. Re1 Be7 7. e4 O-O 8. e5
Nd5 9. c4 Ndb4 10. a3 Na6 11. b4 d5 12. exd6 cxd6 13. b5 Na5 14. bxa6 Bxa6 15.
Nbd2 Nxc4 16. Nxc4 Bxc4 17. Nd2 Rc8 18. Nxc4 Rxc4 19. Be4 d5 20. Bd3 Rc6 21.
Bd2 Qc7 22. Qh5 g6 23. Qh6 Bf6 24. Bf4 Qe7 25. Be5 Bxe5 26. Rxe5 Rc3 27. Bf1
Rxa3 28. Rb1 Rc8 29. Rb2 Qd6 30. Re1 a5 31. Ba6 Rc6 32. Reb1 Qc7 33. Qf4 Qa7
34. Bb5 Rc8 35. Be2 Rc6 36. Bf1 Qb7 37. Bb5 Rc8 38. Qh6 Rcc3 39. Ba6 Qa7 40.
Rxb6 Ra1 41. Rxa1 Qxb6 42. Qd2 Qb4 43. Qd1 Rb3 44. Be2 Qb6 45. Kg2 Rb4 46. Ra4
h6 47. Rxb4 axb4 48. Qd2 g5 49. Qb2 Qa5 50. h3 Qa3 51. Qd2 b3 52. Qc3 Qa2 53.
Bd3 b2 54. Qc2 Qa3 55. Qd2 Kg7 56. Bb1 Qa1 57. Qd3 h5 58. Kf1 f5 59. g4 hxg4
60. hxg4 fxg4 61. Qg6+ Kf8 62. Qf6+ Kg8 63. Qxe6+ Kf8 64. Qf5+ Ke8 65. Qh7 Qa6+
66. Kg2 Qf6 67. Qg8+ Kd7 68. Qxd5+ Kc7 69. Qe5+ Qxe5 70. dxe5 Kc6 71. Kg3 Kd5
72. e6 Kxe6 73. Kxg4 Kf6 74. Bf5 Ke5 75. Kxg5 Kd4 76. Kh5 Kc3 77. Be4 Kd4 78.
Bb1 Ke5 79. Kg5 Ke6 80. f3 Ke7 81. Ba2 Kd6 82. f4 Ke7 83. Kg6 Ke8 84. Kg7 Kd7
85. Kf8 Kc7 86. f5 Kb6 87. Bb1 Kc5 88. f6 Kc4 89. Kg8 Kd5 90. f7 Kd4 91. f8=Q
Kd5 92. Qb4 Ke6 93. Kf8 Ke5 94. Kf7 Kd5 95. Ke7 Kc6 96. Be4+ Kc7 97. Qb7# {
Amateur checkmated} 1-0

[Event "ICS rated standard match"]
[Site "204.178.125.65"]
[Date "2000.11.09"]
[Round "?"]
[White "mko"]
[Black "Hossa"]
[Result "1-0"]
[WhiteElo "2225"]
[BlackElo "2348"]
[PlyCount "83"]
[EventDate "2000.??.??"]

1. e4 e5 2. Nf3 Nc6 3. Bb5 a6 4. Ba4 Nf6 5. O-O Nxe4 6. d4 b5 7. Bb3 d5 8. dxe5
Be6 9. Nbd2 Nc5 10. c3 Bg4 11. Bc2 Be7 12. Re1 b4 13. Nb3 bxc3 14. bxc3 Ne4 15.
Nbd4 Nxe5 16. Bxe4 dxe4 17. Rxe4 Nxf3+ 18. gxf3 Be6 19. Ba3 Bxa3 20. Qa4+ Kf8
21. Qxa3+ Kg8 22. Nxe6 fxe6 23. Rxe6 Qg5+ 24. Kh1 Qd5 25. Re3 Qc4 26. Rg1 g6
27. Re4 Qf7 28. Rg3 Qd5 29. Re7 c6 30. Qb2 Qb5 31. Qd2 Qd5 32. Qh6 Qf7 33. Rxf7
Kxf7 34. Qf4+ Kg8 35. Qf6 c5 36. Rg4 Rd8 37. Qxd8+ Kg7 38. Qc7+ Kf6 39. Rf4+
Ke6 40. Re4+ Kf6 41. Qe7+ Kf5 42. Qe5# {Hossa checkmated} 1-0

[Event "ICS Rated standard match"]
[Site "204.178.125.65"]
[Date "2000.11.09"]
[Round "?"]
[White "Hossa"]
[Black "DiepBlue"]
[Result "1-0"]
[WhiteElo "2327"]
[BlackElo "2500"]
[PlyCount "149"]
[EventDate "2000.??.??"]

1. d4 Nf6 2. c4 e6 3. Nc3 Bb4 4. Qc2 O-O 5. a3 Bxc3+ 6. Qxc3 b6 7. Bg5 Bb7 8.
f3 h6 9. Bh4 d5 10. e3 Nbd7 11. cxd5 Nxd5 12. Bxd8 Nxc3 13. Bxc7 Nd5 14. Bd6
Nxe3 15. Kf2 Nc2 16. Rd1 Rfc8 17. Bb5 Nf6 18. Ne2 a6 19. Bd3 Rc6 20. Be5 Nd5
21. Rd2 Rac8 22. Rb1 f6 23. Bg3 f5 24. Be5 Kf7 25. Kg1 Nce3 26. b3 g5 27. Ra1
g4 28. fxg4 Nxg4 29. Bg3 Nge3 30. Rb1 Nc3 31. Re1 Ne4 32. Bxe4 fxe4 33. Bf4 Nf5
34. d5 Rc5 35. dxe6+ Kxe6 36. Nd4+ Nxd4 37. Rxd4 Bd5 38. Bxh6 Ke5 39. Bg7+ Ke6
40. Red1 e3 41. b4 e2 42. bxc5 exd1=Q+ 43. Rxd1 Rg8 44. Re1+ Kf7 45. Re5 Bc6
46. Rf5+ Kxg7 47. Rg5+ Kf8 48. Rxg8+ Kxg8 49. cxb6 Kf7 50. h4 Ke6 51. g4 Kd6
52. h5 Be8 53. Kf2 Kc6 54. Ke3 Kxb6 55. Kf4 Ba4 56. Kf5 Bc2+ 57. Kf6 Bd1 58. h6
Bxg4 59. h7 Kc5 60. Ke5 Be2 61. h8=Q Kc4 62. Qc8+ Kd3 63. Qxa6+ Ke3 64. Qxe2+
Kxe2 65. a4 Kd3 66. a5 Kc4 67. a6 Kb5 68. a7 Kc5 69. a8=Q Kc4 70. Qa3 Kb5 71.
Qc3 Ka6 72. Qb3 Ka7 73. Kd6 Ka8 74. Kc7 Ka7 75. Qa3# {DiepBlue checkmated} 1-0

[Event "ICS rated standard match"]
[Site "204.178.125.65"]
[Date "2000.11.09"]
[Round "?"]
[White "Karol"]
[Black "Hossa"]
[Result "1-0"]
[WhiteElo "2221"]
[BlackElo "2350"]
[PlyCount "143"]
[EventDate "2000.??.??"]

1. d4 d5 2. e3 Nf6 3. Bd3 c5 4. c3 c4 5. Bc2 Nc6 6. Nd2 g6 7. e4 e5 8. dxe5
Nxe5 9. Ndf3 Nxf3+ 10. Nxf3 Nxe4 11. Bf4 Bg7 12. Bxe4 dxe4 13. Qxd8+ Kxd8 14.
Nd2 Ke7 15. Nxe4 Rd8 16. O-O Be6 17. Rfe1 Rd5 18. Ng5 Rad8 19. Nxe6 fxe6 20. f3
g5 21. Be3 b6 22. Re2 Bf6 23. Rae1 Kf7 24. Bf2 Rd2 25. Kf1 h5 26. Be3 R2d5 27.
Bf2 e5 28. Bg3 Ke6 29. Re4 Ra5 30. Rxc4 h4 31. b4 Rad5 32. Bf2 Rd2 33. Re2 Rd1+
34. Be1 R8d7 35. Rc6+ Kf5 36. g4+ hxg3 37. hxg3 R7d6 38. Rxd6 Rxd6 39. g4+ Ke6
40. Rc2 Be7 41. c4 Rc6 42. Ke2 Rc8 43. Ke3 Rd8 44. a3 Rd4 45. Bf2 Rf4 46. c5
bxc5 47. bxc5 Rf8 48. a4 Kd5 49. c6 Bc5+ 50. Ke2 Bxf2 51. Kxf2 Rc8 52. c7 Kd6
53. Ke3 Rxc7 54. Rxc7 Kxc7 55. Ke4 Kd6 56. Kf5 Kd5 57. Kxg5 Ke6 58. Kh6 Kf6 59.
g5+ Kf5 60. g6 Kf4 61. g7 Kxf3 62. g8=Q e4 63. Qf7+ Kg4 64. Qxa7 Kf4 65. Qf2+
Ke5 66. a5 Ke6 67. a6 Kd6 68. a7 e3 69. Qf4+ Kd7 70. a8=Q e2 71. Qf7+ Kd6 72.
Qad5# {Hossa checkmated} 1-0

[Event "ICS rated standard match"]
[Site "204.178.125.65"]
[Date "2000.11.10"]
[Round "?"]
[White "Esen"]
[Black "Hossa"]
[Result "0-1"]
[WhiteElo "1912"]
[BlackElo "2328"]
[PlyCount "28"]
[EventDate "2000.??.??"]

1. d4 Nf6 2. Bg5 e6 3. Bxf6 Qxf6 4. c3 c5 5. e3 cxd4 6. exd4 d5 7. Bd3 Bd6 8.
Qf3 Qxf3 9. Nxf3 Nc6 10. O-O f6 11. Re1 O-O 12. Nfd2 e5 13. dxe5 fxe5 14. c4
Nb4 {Esen resigns} 0-1

[Event "ICS rated standard match"]
[Site "204.178.125.65"]
[Date "2000.11.10"]
[Round "?"]
[White "Hossa"]
[Black "Esen"]
[Result "1-0"]
[WhiteElo "2331"]
[BlackElo "1909"]
[PlyCount "161"]
[EventDate "2000.??.??"]

1. d4 Nf6 2. c4 e6 3. Nc3 Bb4 4. Qc2 b6 5. e4 Bxc3+ 6. bxc3 d6 7. Nf3 Qe7 8.
Bd3 e5 9. O-O Bg4 10. Nd2 c5 11. f3 Bd7 12. Nb3 Ba4 13. Qf2 Nfd7 14. Qg3 f6 15.
d5 O-O 16. Be3 Re8 17. Rad1 Nf8 18. Rf2 Qf7 19. f4 Qg6 20. Qf3 Nfd7 21. Rdf1
Bxb3 22. f5 Qf7 23. axb3 a5 24. Qg4 Na6 25. Ra1 Kf8 26. h4 h6 27. Qd1 Ke7 28.
Be2 Reb8 29. Bh5 Qg8 30. Rf3 Qh8 31. Rg3 Rg8 32. Qf3 Qh7 33. Bg6 Qh8 34. Qh5
Rgf8 35. Re1 Rab8 36. Bd2 Ra8 37. Qg4 Rg8 38. Bh5 Qh7 39. Rf1 Qh8 40. Qg6 Raf8
41. Be3 Ndb8 42. Rgf3 Nc7 43. Ra1 Nba6 44. Rf2 Ne8 45. Re1 Nec7 46. Rc2 Ne8 47.
Qg4 Qh7 48. Bg6 Qh8 49. Qd1 Nec7 50. Qa1 Rb8 51. Qa4 Rgd8 52. g4 Qf8 53. Rd1
Rdc8 54. Re2 Qd8 55. Rc1 Qd7 56. Qa2 Rf8 57. Ra1 Rh8 58. Qb2 Rhf8 59. Rf2 Rh8
60. Qc2 Rhf8 61. Rb1 Ra8 62. Qd3 Rh8 63. Ra1 Rhf8 64. Re2 Rh8 65. Qc2 Rhf8 66.
Qc1 Qd8 67. Qf1 Qb8 68. Rc2 Qb7 69. Qf3 Rh8 70. Rf2 Rhf8 71. Qe2 Rh8 72. Qc2
Rhf8 73. Re2 Rh8 74. Qd3 Rhf8 75. Qd2 Rh8 76. Rf2 Rhf8 77. Bxh6 gxh6 78. Qxh6
Rae8 79. g5 Kd8 80. Bxe8 Nxe8 81. Qxf8 {Esen resigns} 1-0

[Event "ICS rated blitz match"]
[Site "204.178.125.65"]
[Date "2000.11.10"]
[Round "?"]
[White "Amateur"]
[Black "Hossa"]
[Result "1-0"]
[WhiteElo "2445"]
[BlackElo "2558"]
[PlyCount "105"]
[EventDate "2000.??.??"]

1. e4 c5 2. Nf3 d6 3. d4 cxd4 4. Nxd4 Nf6 5. Nc3 Nc6 6. Bg5 e6 7. Qd2 Be7 8.
O-O-O Nxd4 9. Qxd4 O-O 10. f4 Qa5 11. Bc4 Bd7 12. Bxf6 gxf6 13. Rd3 Rfc8 14.
Bb3 Qc7 15. h4 a5 16. e5 fxe5 17. fxe5 d5 18. Rg3+ Kh8 19. Nxd5 exd5 20. e6+ f6
21. exd7 Qxg3 22. dxc8=Q+ Rxc8 23. Qxd5 Qe5 24. Qxb7 Rd8 25. Qf3 Qd4 26. c3
Qd2+ 27. Kb1 Qh6 28. h5 Qg5 29. g4 a4 30. Bxa4 Qa5 31. Bc2 Ra8 32. Qe4 Qxa2+
33. Kc1 Qg8 34. Qxe7 Ra1+ 35. Bb1 Ra6 36. Re1 h6 37. Bf5 Ra1+ 38. Kd2 Ra6 39.
b4 Qd5+ 40. Ke3 Qe5+ 41. Qxe5 fxe5 42. Ke4 Ra3 43. Kxe5 Rxc3 44. Kf6 Rc6+ 45.
Kf7 Rc7+ 46. Re7 Rb7 47. Bd7 Rb8 48. Re6 Kh7 49. Bc6 Rxb4 50. Be4+ Rxe4 51.
Rxe4 Kh8 52. Kg6 Kg8 53. Re8# {Hossa checkmated} 1-0

[Event "ICS rated blitz match"]
[Site "204.178.125.65"]
[Date "2000.11.10"]
[Round "?"]
[White "nyul"]
[Black "Hossa"]
[Result "0-1"]
[WhiteElo "2160"]
[BlackElo "2537"]
[PlyCount "100"]
[EventDate "2000.??.??"]

1. e4 e5 2. Nf3 Nc6 3. Bc4 Be7 4. Nc3 Nf6 5. d3 O-O 6. Bg5 d6 7. Bxf6 Bxf6 8.
Nd5 Na5 9. Nxf6+ Qxf6 10. Bb3 Nxb3 11. axb3 Qg6 12. Rf1 Qxg2 13. Rg1 Qh3 14.
Rg3 Qd7 15. Qd2 f5 16. O-O-O fxe4 17. dxe4 Qf7 18. Rdg1 g6 19. Kb1 Qf4 20. Qd5+
Kh8 21. h4 Qf7 22. Qd2 Qf6 23. h5 gxh5 24. Nh4 Qxh4 25. Qh6 Bg4 26. f3 Rf6 27.
Rxg4 Rxh6 28. Rxh4 Rf8 29. Rg3 Rg8 30. Rgh3 Rg5 31. Kc1 Kg7 32. Kd2 Rg2+ 33.
Kd3 Kg6 34. b4 Rf2 35. b3 Kg5 36. c4 c6 37. c5 d5 38. exd5 cxd5 39. b5 Rxf3+
40. Rxf3 Kxh4 41. Rf7 b6 42. c6 Rg6 43. Rxa7 Rg3+ 44. Ke2 Rxb3 45. Re7 Rxb5 46.
Rxe5 Rc5 47. Re6 Kg4 48. Kd3 h4 49. Rh6 h3 50. Rxh7 Rxc6 {nyul resigns} 0-1

[Event "ICS rated standard match"]
[Site "204.178.125.65"]
[Date "2000.11.10"]
[Round "?"]
[White "sondermann"]
[Black "Hossa"]
[Result "0-1"]
[WhiteElo "2090"]
[BlackElo "2341"]
[PlyCount "47"]
[EventDate "2000.??.??"]

1. e4 c5 2. Nf3 d6 3. d4 cxd4 4. Nxd4 e5 5. Nb3 Nf6 6. Nc3 Nc6 7. Bg5 Be7 8.
Bxf6 Bxf6 9. Be2 O-O 10. O-O Be6 11. Bf3 Bg5 12. Bg4 Nb4 13. Bxe6 fxe6 14. a3
Nc6 15. Qd3 Qd7 16. Rad1 Rad8 17. Qc4 Qf7 18. Qd3 Bh4 19. g3 Bg5 20. f3 a6 21.
Ne2 d5 22. Kg2 Bh6 23. c4 dxc4 24. Qxc4 {sondermann resigns} 0-1

[Event "ICS rated standard match"]
[Site "204.178.125.65"]
[Date "2000.11.10"]
[Round "?"]
[White "Hossa"]
[Black "Memmius"]
[Result "1-0"]
[WhiteElo "2347"]
[BlackElo "2023"]
[PlyCount "49"]
[EventDate "2000.??.??"]

1. d4 Nf6 2. c4 g6 3. g3 Bg7 4. Bg2 c6 5. e4 d6 6. Ne2 O-O 7. O-O e5 8. Nbc3
Nbd7 9. f3 Re8 10. Be3 d5 11. cxd5 cxd5 12. Qb3 exd4 13. Bxd4 dxe4 14. fxe4 Ne5
15. Qc2 Qa5 16. Rad1 Bg4 17. b3 Rac8 18. Qb2 Qa6 19. h3 Bxe2 20. Nxe2 Nfd7 21.
Nf4 Rc6 22. Nd5 Bf8 23. Qf2 f6 24. Be3 Bg7 25. Nb4 {Memmius resigns} 1-0

[Event "ICS rated blitz match"]
[Site "204.178.125.65"]
[Date "2000.11.10"]
[Round "?"]
[White "Hossa"]
[Black "leop"]
[Result "1-0"]
[WhiteElo "2540"]
[BlackElo "2509"]
[PlyCount "151"]
[EventDate "2000.??.??"]

1. d4 Nf6 2. c4 c5 3. Nf3 cxd4 4. Nxd4 Nc6 5. Nc3 e6 6. e4 Bb4 7. Nxc6 bxc6 8.
Bd3 e5 9. Qa4 Bc5 10. b4 Bd4 11. Qc2 O-O 12. O-O Rb8 13. Rb1 h6 14. Ne2 Bb6 15.
c5 Bc7 16. Rd1 Qe7 17. a3 a5 18. Ng3 axb4 19. Nf5 Qe8 20. Rxb4 Ra8 21. Bc4 Kh7
22. a4 Ng8 23. Nd6 Bxd6 24. cxd6 Ba6 25. Bxa6 Rxa6 26. Be3 Qe6 27. f3 Rfa8 28.
Bb6 Nf6 29. a5 Ne8 30. Qd3 g6 31. Rbb1 Ng7 32. Ra1 f5 33. Rf1 f4 34. Rac1 Ne8
35. Rc2 g5 36. Rd1 Nf6 37. Rb1 h5 38. Rd2 g4 39. Rf1 Kh6 40. fxg4 hxg4 41. Rb2
Kg6 42. Ra1 Nh5 43. Ra3 Qf7 44. Ra4 Kh7 45. Ra1 Nf6 46. Rb4 Qg8 47. Ra3 Qe6 48.
Rba4 Ne8 49. Bc5 Kg8 50. Ra1 Nf6 51. R4a3 Kf7 52. R3a2 Kg6 53. Ra4 Nh5 54. Bb6
Nf6 55. R4a3 Nh5 56. Rf1 Nf6 57. Raa1 Nh5 58. Rfe1 Qf7 59. Red1 f3 60. g3 Nf6
61. Rf1 Qe6 62. Rfb1 Kg7 63. Re1 Kg8 64. Red1 Qf7 65. h3 Qe6 66. Rf1 Qf7 67.
hxg4 Nxg4 68. Rxf3 Qh7 69. Qc4+ Kh8 70. Ra2 Rxb6 71. axb6 Rxa2 72. Rf8+ Kg7 73.
Qxa2 Qxe4 74. Qf7+ Kh6 75. Rh8+ Kg5 76. Rh5# {leop checkmated} 1-0

[Event "ICS rated blitz match"]
[Site "204.178.125.65"]
[Date "2000.11.10"]
[Round "?"]
[White "leop"]
[Black "Hossa"]
[Result "0-1"]
[WhiteElo "2494"]
[BlackElo "2555"]
[PlyCount "154"]
[EventDate "2000.??.??"]

1. d4 Nf6 2. Bg5 e6 3. e4 h6 4. Bxf6 Qxf6 5. Nf3 Nc6 6. c3 d5 7. Nbd2 Bd7 8.
Bd3 O-O-O 9. Qe2 Re8 10. O-O-O g6 11. Rhe1 Qg7 12. Bb5 Bd6 13. e5 Be7 14. Nb3
Qh7 15. Rh1 Rhf8 16. Ne1 a6 17. Bd3 Nb8 18. Bc2 Bb5 19. Qg4 h5 20. Qh3 Be2 21.
Rd2 Bg5 22. Kb1 Bxd2 23. Nxd2 Qh6 24. Nb3 Qf4 25. Nd3 Bxd3 26. Bxd3 Nc6 27. Rf1
Rh8 28. Kc2 h4 29. f3 Rh5 30. Nc1 Qe3 31. Ne2 Reh8 32. Qg4 h3 33. g3 Qh6 34.
Qf4 Qxf4 35. Nxf4 R5h7 36. Rf2 b5 37. Bf1 Kb7 38. Nd3 Kb6 39. Nc5 Nxe5 40. a4
Nc4 41. Bd3 Rd8 42. Re2 Nd6 43. Re1 Rh5 44. g4 Rhh8 45. Ra1 Ra8 46. a5+ Kc6 47.
Re1 Nb7 48. Nxb7 Kxb7 49. b4 g5 50. Kd2 Rae8 51. Bf1 Ref8 52. Re5 Rfg8 53. Ke3
Rh7 54. Kf2 Kc6 55. Kg3 Kd7 56. Re2 Ke7 57. Bxh3 Rgh8 58. Bf1 f6 59. h3 Kd6 60.
Rd2 e5 61. Kf2 Re7 62. Bg2 c6 63. Rd1 Rhe8 64. Bf1 e4 65. Bg2 exf3 66. Bxf3 Re3
67. h4 gxh4 68. Rh1 Rxc3 69. Rxh4 Rc4 70. Rh6 Re6 71. Rh7 Rxd4 72. Ra7 Rxb4 73.
Rxa6 Rb2+ 74. Kg3 Rb3 75. Kf4 Ree3 76. Bg2 Re2 77. Bh1 Rf2+ {leop resigns} 0-1

[Event "ICS rated standard match"]
[Site "204.178.125.65"]
[Date "2000.11.10"]
[Round "?"]
[White "easypickings"]
[Black "Hossa"]
[Result "0-1"]
[WhiteElo "2028"]
[BlackElo "2351"]
[PlyCount "50"]
[EventDate "2000.??.??"]

1. e4 e5 2. Nf3 Nc6 3. Bc4 Be7 4. O-O Nf6 5. Nc3 d6 6. d4 Bg4 7. dxe5 dxe5 8.
Qxd8+ Rxd8 9. Bb5 Bd7 10. Bg5 Nd4 11. Bxd7+ Nxd7 12. Bxe7 Nxf3+ 13. gxf3 Kxe7
14. Nd5+ Kd6 15. Rfd1 Nc5 16. c4 Ne6 17. b4 c6 18. c5+ Kd7 19. Ne3+ Kc7 20. Nf5
b6 21. Nd6 f6 22. cxb6+ axb6 23. Nf5 Rxd1+ 24. Rxd1 Ra8 25. Rd2 Ra4 {
easypickings resigns} 0-1

[Event "ICS rated standard match"]
[Site "204.178.125.65"]
[Date "2000.11.10"]
[Round "?"]
[White "Hossa"]
[Black "psycho-swapper"]
[Result "1-0"]
[WhiteElo "2355"]
[BlackElo "2012"]
[PlyCount "37"]
[EventDate "2000.??.??"]

1. d4 c6 2. c4 d5 3. cxd5 cxd5 4. Nf3 Nf6 5. Nc3 Bf5 6. Qb3 Qd7 7. Ne5 Qc8 8.
Nxd5 Nxd5 9. Qxd5 Nc6 10. Qxf7+ Kd8 11. Nxc6+ bxc6 12. d5 cxd5 13. Qxd5+ Ke8
14. e4 Bd7 15. Bb5 Rb8 16. Qh5+ g6 17. Bxd7+ Qxd7 18. Qe5 Rg8 19. Qxb8+ {
psycho-swapper resigns} 1-0

[Event "ICS rated blitz match"]
[Site "204.178.125.65"]
[Date "2000.11.10"]
[Round "?"]
[White "Hossa"]
[Black "dilworth"]
[Result "1/2-1/2"]
[WhiteElo "2568"]
[BlackElo "2809"]
[PlyCount "123"]
[EventDate "2000.??.??"]

1. d4 d5 2. Nf3 Nf6 3. e3 g6 4. c4 Bg7 5. Nc3 O-O 6. cxd5 Nxd5 7. e4 Nxc3 8.
bxc3 c5 9. Bc4 cxd4 10. cxd4 Nc6 11. Be3 Bg4 12. Bd5 Qa5+ 13. Kf1 Qa6+ 14. Kg1
Bxf3 15. gxf3 Rac8 16. Kg2 e6 17. Bxc6 Rxc6 18. Rb1 b6 19. Qd2 Rfc8 20. Rb2 Rc3
21. Rd1 Qa4 22. Qe2 R8c4 23. Rbd2 h6 24. d5 exd5 25. Rxd5 Rc2 26. R1d2 Qxa2 27.
Rd7 Rxd2 28. Rxd2 Qb3 29. Rd3 Rc3 30. Rd8+ Kh7 31. Rd7 a5 32. Qa6 Rc6 33. Qa7
Rf6 34. Qb7 a4 35. Rd8 b5 36. Qd7 Qe6 37. Qxb5 Rxf3 38. Kxf3 Qf6+ 39. Kg2 Qxd8
40. Qxa4 Qh4 41. h3 Be5 42. Qa8 Kg7 43. Qd5 Bc3 44. Bd4+ Bxd4 45. Qxd4+ Kh7 46.
Qe5 h5 47. f4 Qe1 48. Qd4 h4 49. Qd3 Kh6 50. Qf3 f6 51. Qd3 g5 52. fxg5+ Kxg5
53. Qd5+ Kf4 54. Qf5+ Ke3 55. Qf3+ Kd2 56. Qf2+ Qe2 57. Kg1 Kd3 58. Qxh4 Qe3+
59. Kh2 Qe2+ 60. Kg1 Qf3 61. Kh2 Qe2+ 62. Kg1 {Game drawn by repetition}
1/2-1/2